00954cam a2200277 a 4500001000500000005001700005020001500022040002300037050002100060082001300081100001700094245007900111250003100190260004600221300004400267490002900311505000800340520004200348521002900390521002000419650003300439906004500472942001500517999001500532952012900547439020240819143734.0 a0836220498 aDLCcDLCdDLCbeng00aNC1429.L32b198800a741.59731 aLarson, Gary10aNight of the crash-test dummies :ba far side collection /cby Gary Larson aFirst printing , JUly 1988 aKansas City :bAndrews and McMeel ;c1988 a104 pages : billustrations ; c15 cm . aThe Far Side Collection  aK  aThe ninth collection of THE FAR SIDE. a510 bLexile estimate  aK bRaz-Plus  0acartoons and comicsvfiction a7bcbccorignewd2eopcnf19gy-gencatlg 2ddccBKn0 c4390d4390 00102ddc40708JUVFa001b001cTTPd2024-08-19l0oLAR 741.5973 NC1429.L32p2024-1848r2024-08-19 14:37:30w2024-08-19yBK